Formalization of natural languages /

Gespeichert in:
Bibliographische Detailangaben
1. Verfasser: Kümmel, Peter (Verfasst von)
Format: Buch
Sprache:Englisch
Veröffentlicht: Berlin : Springer Verlag, 1979
Schriftenreihe:Communication and Cybernetics Vol.15
Tags: Tag hinzufügen
Keine Tags, Fügen Sie das erste Tag hinzu!

MARC

LEADER 00000nam a22000003a 4500
001 stu594
005 20150617225618.3
008 910611s1979----gw------------------eng-d
040 |a STU  |b slo 
041 0 |a eng 
044 |a gw 
080 |a 510.62 
080 |a 519.76 
080 |a 801.5  |7 stu_us_auth*stu7891 
100 1 |a Kümmel, Peter  |4 aut 
245 1 |a Formalization of natural languages /  |c [aut.] Kümmel,Peter 
260 |a Berlin :  |b Springer Verlag,  |c 1979 
300 |a 223 s 
830 0 |a Communication and Cybernetics  |v Vol.15 
996 |c I*14R4475  |l II680  |s A  |a 24  |w stu594_0001